000 00750nam a2200265Ia 4500
005 20260121170025.0
008 008 260114s9999 xx 000 0 eng d
020 _a9783319473888
037 _aEBOOK
040 _aCRL
040 _beng
040 _cCRL
041 _2eng
041 _aeng
084 _qCRL
100 _aJaroslav Ko?a, Radka Svobodová Va?eková, Lukáš Pravda, Karel Berka, Stanislav Geidl, David Sehnal, Michal Otyepka
_91058879
245 0 _aStructural Bioinformatics Tools for Drug Design
260 _bSpringer
260 _bSpringer
260 _c2016
856 _uhttps://link.springer.com/openurl?genre=book&isbn=978-3-319-47388-8
942 _cEBOOK
999 _c1624608
_d1624608